<?xml version="1.0" encoding="UTF-8"?>
<record
    xmlns:xsi="http://www.w3.org/2001/XMLSchema-instance"
    xsi:schemaLocation="http://www.loc.gov/MARC21/slim http://www.loc.gov/standards/marcxml/schema/MARC21slim.xsd"
    xmlns="http://www.loc.gov/MARC21/slim">

  <leader>01699nam a2200181   4500</leader>
  <datafield tag="999" ind1=" " ind2=" ">
    <subfield code="c">56911</subfield>
    <subfield code="d">56911</subfield>
  </datafield>
  <controlfield tag="003">Ge_BSU</controlfield>
  <controlfield tag="005">20190617215012.0</controlfield>
  <controlfield tag="008">190617b1980    ge ||||| |||| 00| 0 geo d</controlfield>
  <datafield tag="041" ind1=" " ind2=" ">
    <subfield code="a">geo</subfield>
  </datafield>
  <datafield tag="080" ind1=" " ind2=" ">
    <subfield code="a">626.86 (072)  &#x10D3;-12</subfield>
  </datafield>
  <datafield tag="245" ind1=" " ind2=" ">
    <subfield code="a">&#x10D3;&#x10D0;&#x10D1;&#x10D0;&#x10DA; &#x10D3;&#x10D0; &#x10E1;&#x10D0;&#x10E8;&#x10E3;&#x10D0;&#x10DA;&#x10DD;&#x10D3;&#x10D0;&#x10EC;&#x10DC;&#x10D4;&#x10D5;&#x10D8;&#x10D0;&#x10DC; &#x10EC;&#x10E7;&#x10D0;&#x10DA;&#x10DB;&#x10D8;&#x10DB;&#x10E6;&#x10D4;&#x10D1; &#x10DC;&#x10D0;&#x10D2;&#x10D4;&#x10D1;&#x10DD;&#x10D1;&#x10D0;&#x10D7;&#x10D0; &#x10E1;&#x10D0;&#x10D7;&#x10D0;&#x10D5;&#x10D4; &#x10D9;&#x10D5;&#x10D0;&#x10DC;&#x10EB;&#x10D8;&#x10E1; &#x10F0;&#x10D8;&#x10D3;&#x10E0;&#x10D0;&#x10D5;&#x10DA;&#x10D8;&#x10D9;&#x10E3;&#x10E0;&#x10D8; &#x10D2;&#x10D0;&#x10D0;&#x10DC;&#x10D2;&#x10D0;&#x10E0;&#x10D8;&#x10E8;&#x10D4;&#x10D1;&#x10D0; :</subfield>
    <subfield code="b">(&#x10DB;&#x10D4;&#x10D7;&#x10DD;&#x10D3;. &#x10DB;&#x10D8;&#x10D7;&#x10D8;&#x10D7;&#x10D4;&#x10D1;&#x10D4;&#x10D1;&#x10D8; &#x10E1;&#x10D0;&#x10D9;. &#x10E1;&#x10D0;&#x10DB;&#x10E3;&#x10E8;. &#x10E8;&#x10D4;&#x10E1;&#x10D0;&#x10E1;&#x10E0;. &#x10F0;&#x10D8;&#x10D3;&#x10E0;&#x10DD;&#x10E2;&#x10D4;&#x10E5;. &#x10E1;&#x10DE;. &#x10E1;&#x10E2;&#x10E3;&#x10D3;.) /</subfield>
    <subfield code="c"> &#x10E1;&#x10D0;&#x10E5;. &#x10DE;&#x10DD;&#x10DA;&#x10D8;&#x10E2;&#x10D4;&#x10E5;. &#x10D8;&#x10DC;-&#x10E2;&#x10D8;, &#x10F0;&#x10D8;&#x10D3;&#x10E0;&#x10D0;&#x10D5;. &#x10D3;&#x10D0; &#x10F0;&#x10D8;&#x10D3;&#x10E0;&#x10DD;&#x10D4;&#x10DA;&#x10D4;&#x10E5;&#x10E2;. &#x10D9;&#x10D0;&#x10D7;&#x10D4;&#x10D3;&#x10E0;&#x10D0; ; [&#x10E8;&#x10D4;&#x10DB;&#x10D3;&#x10D2;. : &#x10DC;. &#x10E5;&#x10E3;&#x10D7;&#x10D0;&#x10D7;&#x10D4;&#x10DA;&#x10D0;&#x10EB;&#x10D4;]. </subfield>
  </datafield>
  <datafield tag="264" ind1=" " ind2=" ">
    <subfield code="a">   &#x10D7;&#x10D1;&#x10D8;&#x10DA;&#x10D8;&#x10E1;&#x10D8; :                                                                                                                                                                                                                                                                                                                                                                                                                                         </subfield>
    <subfield code="b">&#x10E1;&#x10DE;&#x10D8;,</subfield>
    <subfield code="c">1980.</subfield>
  </datafield>
  <datafield tag="300" ind1=" " ind2=" ">
    <subfield code="a">54 &#x10D2;&#x10D5;. ;</subfield>
    <subfield code="c">20 &#x10E1;&#x10DB;.</subfield>
  </datafield>
  <datafield tag="653" ind1=" " ind2=" ">
    <subfield code="a">&#x10EC;&#x10E7;&#x10D0;&#x10DA;&#x10DB;&#x10D8;&#x10DB;&#x10E6;&#x10D4;&#x10D1;&#x10D8; &#x10DC;&#x10D0;&#x10D2;&#x10D4;&#x10D1;&#x10DD;&#x10D1;&#x10D4;&#x10D1;&#x10D8;</subfield>
  </datafield>
  <datafield tag="700" ind1=" " ind2=" ">
    <subfield code="a">&#x10E5;&#x10E3;&#x10D7;&#x10D0;&#x10D7;&#x10D4;&#x10DA;&#x10D0;&#x10EB;&#x10D4;, &#x10DC;.</subfield>
    <subfield code="e">&#x10E8;&#x10D4;&#x10DB;&#x10D3;&#x10D2;&#x10D4;&#x10DC;&#x10D4;&#x10DA;&#x10D8;</subfield>
    <subfield code="9">1248</subfield>
  </datafield>
  <datafield tag="710" ind1=" " ind2=" ">
    <subfield code="a"> &#x10E1;&#x10D0;&#x10E5;. &#x10DE;&#x10DD;&#x10DA;&#x10D8;&#x10E2;&#x10D4;&#x10E5;. &#x10D8;&#x10DC;-&#x10E2;&#x10D8;</subfield>
    <subfield code="b">&#x10F0;&#x10D8;&#x10D3;&#x10E0;&#x10D0;&#x10D5;. &#x10D3;&#x10D0; &#x10F0;&#x10D8;&#x10D3;&#x10E0;&#x10DD;&#x10D4;&#x10DA;&#x10D4;&#x10E5;&#x10E2;. &#x10D9;&#x10D0;&#x10D7;&#x10D4;&#x10D3;&#x10E0;&#x10D0;</subfield>
    <subfield code="9">2533</subfield>
  </datafield>
  <datafield tag="942" ind1=" " ind2=" ">
    <subfield code="2">udc</subfield>
    <subfield code="c">BK</subfield>
  </datafield>
  <datafield tag="952" ind1=" " ind2=" ">
    <subfield code="0">0</subfield>
    <subfield code="1">0</subfield>
    <subfield code="2">udc</subfield>
    <subfield code="4">0</subfield>
    <subfield code="6">62686_072_&#x10D3;12</subfield>
    <subfield code="7">0</subfield>
    <subfield code="9">86435</subfield>
    <subfield code="a">SPL</subfield>
    <subfield code="b">SPL</subfield>
    <subfield code="c">GEN</subfield>
    <subfield code="d">2019-06-17</subfield>
    <subfield code="g">0.50</subfield>
    <subfield code="o">626.86 (072)  &#x10D3;-12</subfield>
    <subfield code="p">12321</subfield>
    <subfield code="r">2019-06-17</subfield>
    <subfield code="t">12321</subfield>
    <subfield code="w">2019-06-17</subfield>
    <subfield code="y">BK</subfield>
    <subfield code="z">0.50 &#x10DA;.</subfield>
  </datafield>
  <datafield tag="952" ind1=" " ind2=" ">
    <subfield code="0">0</subfield>
    <subfield code="1">0</subfield>
    <subfield code="2">udc</subfield>
    <subfield code="4">0</subfield>
    <subfield code="6">62686_072_&#x10D3;12</subfield>
    <subfield code="7">0</subfield>
    <subfield code="9">86436</subfield>
    <subfield code="a">SPL</subfield>
    <subfield code="b">SPL</subfield>
    <subfield code="c">GEN</subfield>
    <subfield code="d">2019-06-18</subfield>
    <subfield code="g">0.50</subfield>
    <subfield code="o">626.86 (072)  &#x10D3;-12</subfield>
    <subfield code="p">12322</subfield>
    <subfield code="r">2019-06-18</subfield>
    <subfield code="t">12322</subfield>
    <subfield code="w">2019-06-18</subfield>
    <subfield code="y">BK</subfield>
    <subfield code="z">0.50 &#x10DA;.</subfield>
  </datafield>
  <datafield tag="952" ind1=" " ind2=" ">
    <subfield code="0">0</subfield>
    <subfield code="1">0</subfield>
    <subfield code="2">udc</subfield>
    <subfield code="4">0</subfield>
    <subfield code="6">62686_072_&#x10D3;12</subfield>
    <subfield code="7">0</subfield>
    <subfield code="9">86437</subfield>
    <subfield code="a">SPL</subfield>
    <subfield code="b">SPL</subfield>
    <subfield code="c">GEN</subfield>
    <subfield code="d">2019-06-18</subfield>
    <subfield code="g">0.50</subfield>
    <subfield code="o">626.86 (072)  &#x10D3;-12</subfield>
    <subfield code="p">12323</subfield>
    <subfield code="r">2019-06-18</subfield>
    <subfield code="t">12323</subfield>
    <subfield code="w">2019-06-18</subfield>
    <subfield code="y">BK</subfield>
    <subfield code="z">0.50 &#x10DA;.</subfield>
  </datafield>
  <datafield tag="952" ind1=" " ind2=" ">
    <subfield code="0">0</subfield>
    <subfield code="1">0</subfield>
    <subfield code="2">udc</subfield>
    <subfield code="4">0</subfield>
    <subfield code="6">62686_072_&#x10D3;12</subfield>
    <subfield code="7">0</subfield>
    <subfield code="9">86438</subfield>
    <subfield code="a">SPL</subfield>
    <subfield code="b">SPL</subfield>
    <subfield code="c">GEN</subfield>
    <subfield code="d">2019-06-18</subfield>
    <subfield code="g">0.50</subfield>
    <subfield code="o">626.86 (072)  &#x10D3;-12</subfield>
    <subfield code="p">12324</subfield>
    <subfield code="r">2019-06-18</subfield>
    <subfield code="t">12324</subfield>
    <subfield code="w">2019-06-18</subfield>
    <subfield code="y">BK</subfield>
    <subfield code="z">0.50 &#x10DA;.</subfield>
  </datafield>
</record>
